Lễ hội truyền thống của người Khmer Nam Bộ

Giới hiệu Chương 1: Khái quát về văn hoá của người Khmer Nam Bộ. Chương 2: Lễ hội truyền thống của người Khmer Nam Bộ. Chương 3: Lễ hội truyền thống của người Khmer Nam Bộ - Những giá trị truyền thống cần gìn giữ....

全面介紹

Đã lưu trong:
書目詳細資料
主要作者: Tiền, Văn Triệu
格式: 圖書
語言:Undetermined
出版: Hà Nội Khoa học - Xã hội 2015
主題:
標簽: 添加標簽
沒有標簽, 成為第一個標記此記錄!
Thư viện lưu trữ: Trung tâm Học liệu Trường Đại học Cần Thơ
LEADER 01013nam a2200205Ia 4500
001 CTU_209303
008 210402s9999 xx 000 0 und d
082 |a 394.269597 
082 |b Tr309 
100 |a Tiền, Văn Triệu 
245 0 |a Lễ hội truyền thống của người Khmer Nam Bộ 
245 0 |c Tiền Văn Triệu, Lâm Quang Vinh 
260 |a Hà Nội 
260 |b Khoa học - Xã hội 
260 |c 2015 
520 |a Giới hiệu Chương 1: Khái quát về văn hoá của người Khmer Nam Bộ. Chương 2: Lễ hội truyền thống của người Khmer Nam Bộ. Chương 3: Lễ hội truyền thống của người Khmer Nam Bộ - Những giá trị truyền thống cần gìn giữ. 
650 |a Lễ hội dân gian,Folk festivals 
650 |z Việt Nam,Vietnam 
904 |i Trần Thị Yến Nhi,Hải 
980 |a Trung tâm Học liệu Trường Đại học Cần Thơ